000 01263nam a2200397 c 4500
001 14873
003 ES-MaCES
005 20250121040009.0
008 030422s2002 sp t o000 | spa d
017 _aM 46688-2002
_bDL
024 7 _a207-02-064-3
_2nipo
035 _aCES20030004723m
040 _aES-MaCES
_bspa
_cES-MaCES
100 1 _aLousada Arochena, José Fernando
_917072
245 1 3 _aEl derecho a la maternidad de la mujer trabajadora
_cJosé Fernando Lousada Arochena
260 _aMadrid
_bInstituto de la Mujer
_c2002
300 _a299 p.
_c24 cm
490 1 _aEstudios
_v76
504 _aBibliografía: p. 285-299
541 _cGratuito
650 4 _amujeres
_928657
650 4 _atrabajadora
_928413
650 4 _amaternidad
_929512
650 4 _aadopción
_930996
650 4 _aderechos de la mujer
_927173
650 4 _alicencia de maternidad
_927816
650 4 _aprestaciones de maternidad
_927040
650 4 _asalud en el trabajo
_928347
650 4 _aEspaña
_926964
653 1 0 _aMujer
710 2 _aInstituto de la Mujer (España)
_eed.
_94190
830 0 _aEstudios (Instituto de la Mujer (España))
_v76
_932074
902 _aLIB Libro
942 _2CES
_cBK
_h3.3.
999 _c14873
_d14873